Harry Potter and the cursed child. (Record no. 5066)

MARC details
000 -LEADER
fixed length control field 01470cam a2200361 4500
001 - CONTROL NUMBER
control field 5993
005 - DATE AND TIME OF LATEST TRANSACTION
control field 20230706143354.0
008 - FIXED-LENGTH DATA ELEMENTS--GENERAL INFORMATION
fixed length control field 230706b |||||||| |||| 00| 0 eng d
010 ## - LIBRARY OF CONGRESS CONTROL NUMBER
LC control number 2016944764
020 ## - INTERNATIONAL STANDARD BOOK NUMBER
International Standard Book Number 9780751565355
100 1# - MAIN ENTRY--PERSONAL NAME
Personal name Rowling, J. K.
245 10 - TITLE STATEMENT
Title Harry Potter and the cursed child.
Number of part/section of a work Parts one and two /
Statement of responsibility, etc. J.K. Rowling.
Remainder of title Book VIII
246 3# - VARYING FORM OF TITLE
Title proper/short title Harry Potter & the cursed child
250 ## - EDITION STATEMENT
Edition statement First edition
Edition statement Special rehearsal edition
264 #1 - PRODUCTION, PUBLICATION, DISTRIBUTION, MANUFACTURE, AND COPYRIGHT NOTICE
Place of production, publication, distribution, manufacture New York, NY :
Name of producer, publisher, distributor, manufacturer Wizarding world,
Date of production, publication, distribution, manufacture, or copyright notice 2016.
300 ## - PHYSICAL DESCRIPTION
Extent vii, 343 pages ;
Dimensions 24 cm
336 ## - CONTENT TYPE
Content type term text
Content type code txt
Source rdacontent
337 ## - MEDIA TYPE
Media type term unmediated
Media type code n
Source rdamedia
338 ## - CARRIER TYPE
Carrier type term volume
Carrier type code nc
Source rdacarrier
500 ## - GENERAL NOTE
General note ""Based on an original new story by J.K. Rowling, John Tiffany & Jack Thorne.""
General note ""First produced by Sonia Friedman Productions, Colin Callender & Harry Potter Theatrical Productions.""
General note ""The official script of the original West End production.""
520 ## - SUMMARY, ETC.
Summary, etc. As an overworked employee of the Ministry of Magic, a husband, and a father, Harry Potter struggles with a past that refuses to stay where it belongs while his youngest son, Albus, finds the weight of the family legacy difficult to bear
600 10 - SUBJECT ADDED ENTRY--PERSONAL NAME
Personal name Potter, Harry
Form subdivision Drama
650 #0 - SUBJECT ADDED ENTRY--TOPICAL TERM
Topical term or geographic name entry element Good and evil
Form subdivision Drama
Topical term or geographic name entry element Magic
Form subdivision Drama
655 #7 - INDEX TERM--GENRE/FORM
Genre/form data or focus term Drama.
Genre/form data or focus term Fantasy drama.
Genre/form data or focus term Works.
700 1# - ADDED ENTRY--PERSONAL NAME
Personal name Tiffany, John,
Dates associated with a name 1971-
Relator term creator
942 ## - ADDED ENTRY ELEMENTS (KOHA)
Source of classification or shelving scheme Dewey Decimal Classification
Koha item type Fiction
Holdings
Withdrawn status Lost status Source of classification or shelving scheme Damaged status Not for loan Collection code Home library Current library Shelving location Date acquired Serial Enumeration / chronology Inventory number Total Checkouts Total Renewals Full call number Barcode Date last seen Date last checked out Price effective from Koha item type
    Dewey Decimal Classification     Fiction RTC Library RTC Library Fiction 27/11/2018 9499 9 3 FIC 813.54 ROW 30008493 06/12/2025 27/11/2025 27/11/2018 Fiction
Royal Thimphu College || All Right Reserved